Variación y clasificación de las plantas / (Registro nro. 8304)

Detalles MARC
000 -CABECERA
Campo de control interno 01763nam a2200241Ia 4500
008 - ELEMENTOS DE LONGITUD FIJA - INFORMACIÓN GENERAL
Campo de control de longitud fija 260220t1968||||xx |||||||||||||| ||spa||
040 ## - FUENTE DE CATALOGACIÓN
Agencia de catalogación original PY-SlUNAC
Idioma de catalogación spa
Convenciones de descripción rda
041 ## - CÓDIGO DE IDIOMA
Código de idioma para texto/pista de sonido o título separado spa
082 ## - NÚMERO DE CLASIFICACIÓN DECIMAL DEWEY
Clasificación Decimal Dewey (CDD) 582
Clasificación Expansiva de Cutter (EC) B413v
100 ## - ASIENTO PRINCIPAL - NOMBRE PERSONAL
Nombre personal Bell, C. Ritchie
Rol del autor Autor
245 #0 - TÍTULO
Título Variación y clasificación de las plantas /
Mención de responsabilidad por C. Ritchie Bell [Autor]
264 ## - PIE DE IMPRENTA
Lugar Ciudad de México :
Editorial Centro Regional de Ayuda Técnica,
Año ℗1968.
300 ## - DESCRIPCIÓN FÍSICA
Páginas 1 volumen
520 ## - NOTA DE RESUMEN
Nota de resumen El libro "Variación y clasificación de las plantas" de C. Ritchie Bell, publicado en 1968, ofrece un enfoque sistemático y profundo sobre la diversidad botánica y los métodos de clasificación de las plantas. A través de un análisis detallado, el autor explora los principios de la variación morfológica y genética en diversas especies, destacando la importancia de la taxonomía en la identificación y categorización de las plantas. Bell también aborda las implicaciones ecológicas y evolutivas de la variación, proporcionando ejemplos concretos que ilustran cómo los factores ambientales influyen en la diversidad vegetal. La obra se fundamenta en una extensa revisión de la literatura científica, complementada con ilustraciones que facilitan la comprensión de los conceptos presentados. En conjunto, el texto se convierte en un recurso valioso tanto para estudiantes como para investigadores en el ámbito de la botánica, ofreciendo herramientas para el estudio y la conservación de la flora en un contexto científico y práctico.
653 ## - MATERIA - TÉRMINO TEMÁTICO NO CONTROLADO (PALABRAS CLAVE)
Materia - término temático no controlado (palabras clave) Botánica
653 ## - MATERIA - TÉRMINO TEMÁTICO NO CONTROLADO (PALABRAS CLAVE)
Materia - término temático no controlado (palabras clave) Clasificación
653 ## - MATERIA - TÉRMINO TEMÁTICO NO CONTROLADO (PALABRAS CLAVE)
Materia - término temático no controlado (palabras clave) Plantas
942 ## - ELEMENTOS PERSONALIZADOS (KOHA)
Fecha catalogación 2026/02/17
Tipo de documento Libros
Existencias
Fuente de Clasificacion Colección Ubicacion permanente Biblioteca actual Fecha de Ingreso a la Biblioteca Origen de adquisición Código de ubicación Código de barras Tipo de Item KOHA Nota pública
Dewey Decimal Classification Colección General (CG) Biblioteca e Internet, Facultad de Ciencias Exactas y Naturales Biblioteca e Internet, Facultad de Ciencias Exactas y Naturales 02/20/2026 Donación 582 B413v CG1664 Libros Material disponible en la Biblioteca e Intenet, Campus UNA, San Lorenzo.